| 000 | 00652cam a22002411 4500 | ||
|---|---|---|---|
| 001 | sa 66003575 | ||
| 003 | DLC | ||
| 005 | 20260227112237.0 | ||
| 008 | 891010s1965 ii b 000 0 hino | ||
| 010 | _asa 66003575 | ||
| 035 | _a(OCoLC)20463427 | ||
| 040 |
_aDLC _cWaU _dDLC |
||
| 042 | _apremarc | ||
| 050 | 0 | 0 |
_aPN1356 _b.K47 |
| 100 | 1 |
_aKhare, Gaṇeśa, _d1937- |
|
| 245 | 1 | 0 | _aĀdhunika pragīta-kāvya. |
| 260 | _c[1965] | ||
| 300 |
_a413 p. _c25 cm. |
||
| 500 | _aIn Hindi. | ||
| 500 | _aA revision of the author's thesis, Saugar University. | ||
| 504 | _aBibliographical footnotes. | ||
| 650 | 0 |
_aLyric poetry _xHistory and criticism. |
|
| 999 |
_c68966 _d68966 |
||